000 00726nam a22002177a 4500
999 _c168980
_d168980
005 20191105161255.0
010 _aB-730805
020 _a9789353094195
_c40.00
035 _aB-730805
037 _adpl
_bPratham
082 _aS
100 _aMehta , Sejal
245 _aWalking in the Wild /
_c by Sejal Mehta ; illustrated by Barkha Lohiya
250 _a3rd
260 _aNew Delhi
_bPratham Books
_c2018
270 _a633-634,4th "C" Main,6th 'B' Cross, OMBR Layout Banaswadi,
_bBangalore
_e560043
_k911141042483 (New Delhi)
300 _a20p.
_bill.
_c17 cm.(pbk)
700 _aLohiya, Barkha
_935533
942 _2ddc
_cCH
_hS
_mMEH